NASCAR Cup Winners of the Clash - Statistics

General Stats
  • This quiz has been taken 701 times
    97 since last reset
  • The average score is 37 of 47
Answer Stats
Year Driver % Correct
1980 Dale Earnhardt
99%
1986 Dale Earnhardt
99%
1988 Dale Earnhardt
99%
1991 Dale Earnhardt
99%
1993 Dale Earnhardt
99%
1995 Dale Earnhardt
99%
2003 Dale Earnhardt Jr
99%
2008 Dale Earnhardt Jr
99%
2025 Chase Elliott
97%
2011 Kurt Busch
97%
2012 Kyle Busch
97%
2021 Kyle Busch
97%
1987 Bill Elliott
94%
2017 Joey Logano
93%
2022 Joey Logano
93%
1994 Jeff Gordon
92%
1997 Jeff Gordon
92%
2006 Denny Hamlin
90%
2014 Denny Hamlin
90%
2016 Denny Hamlin
90%
2024 Denny Hamlin
90%
2005 Jimmie Johnson
90%
2019 Jimmie Johnson
90%
2009 Kevin Harvick
80%
2010 Kevin Harvick
80%
2013 Kevin Harvick
80%
1981 Darrell Waltrip
77%
1982 Bobby Allison
75%
2018 Brad Keselowski
75%
2023 Martin Truex Jr
70%
1998 Rusty Wallace
70%
2001 Tony Stewart
70%
2002 Tony Stewart
70%
2007 Tony Stewart
70%
2020 Erik Jones
68%
2015 Matt Kenseth
68%
1999 Mark Martin
63%
1996 Dale Jarrett
62%
2000 Dale Jarrett
62%
2004 Dale Jarrett
62%
1985 Terry Labonte
62%
1992 Geoff Bodine
45%
1979 Buddy Baker
34%
1989 Ken Schrader
34%
1990 Ken Schrader
34%
1983 Neil Bonnett
32%
1984 Neil Bonnett
32%
No matching quizzes found
Score Distribution
Percent of People with Each Score
Percentile by Number Answered
Your Score History
You have not taken this quiz since the last reset